| 000 | 00367nam a22001457a 4500 | ||
|---|---|---|---|
| 020 | _a978-81-203-5098-4 | ||
| 082 | _a657.42 | ||
| 100 | _aKumar, Ravinder | ||
| 245 |
_aAuditing: _bPrinciples and Practice, |
||
| 250 | _a3rd | ||
| 260 |
_aDelhi: _bPHI Learning Private Limited, _c2023 |
||
| 300 | _axix, 556p.: ill.; 24cm | ||
| 700 | _aSharma, Virender | ||
| 942 | _cBK | ||
| 999 |
_c22207 _d22207 |
||